00317nam a22000977a 4500008004100000082001600041100003500057245006000092260005900152300000800211230621b xxu||||| |||| 00| 0 eng d a328.69bMNA cAuthority of National Assembly aStanding Orders and Rules of the National Assembly 1995 aMauritiusbBy Authority of the National Assemblyc1995 a48p